000 00378nam a2200133Ia 4500
008 191206s9999 xx 000 0 und d
020 _a0894102168 :
090 _aPR600504Z753
245 0 _aJoseph Conrad: Third World Perspectives
260 _aThree Continents Press
260 _ccc1990
300 _a"x, 273 p. ; 24 cm."
999 _c16298
_d16298